ARRUPE JESUIT UNIVERSITY

CORONAVIRUS -STOP THE SPREAD - CLEAN,DISINFECT,COVER

Under the frangipani / (Record no. 121147)

MARC details
000 -LEADER
fixed length control field 00911cam a2200289 a 4500
001 - CONTROL NUMBER
control field 12442797
003 - CONTROL NUMBER IDENTIFIER
control field ARRUPE
005 - DATE AND TIME OF LATEST TRANSACTION
control field 20141029114550.0
008 - FIXED-LENGTH DATA ELEMENTS--GENERAL INFORMATION
fixed length control field 010615s2001 enk 000 f eng d
010 ## - LIBRARY OF CONGRESS CONTROL NUMBER
LC control number 2001369730
020 ## - INTERNATIONAL STANDARD BOOK NUMBER
International Standard Book Number 0864863780
035 ## - SYSTEM CONTROL NUMBER
System control number (OCoLC)ocm46897192
040 ## - CATALOGING SOURCE
Original cataloging agency OI@
Transcribing agency OI@
Modifying agency OCL
-- DLC
041 1# - LANGUAGE CODE
Language code of text/sound track or separate title eng
Language code of original and/or intermediate translations of text por
042 ## - AUTHENTICATION CODE
Authentication code lccopycat
050 00 - LIBRARY OF CONGRESS CALL NUMBER
Classification number PQ9939.C68
Item number V3713 2001
082 00 - DEWEY DECIMAL CLASSIFICATION NUMBER
Classification number 869.3/42
Edition number 22
300 ## - PHYSICAL DESCRIPTION
Dimensions 22 cm.
100 1# - MAIN ENTRY--PERSONAL NAME
Personal name Couto, Mia,
Dates associated with a name 1955-
9 (RLIN) 12281
240 10 - UNIFORM TITLE
Uniform title <a href="Varanda do frangipani.">Varanda do frangipani.</a>
Language of a work English
245 10 - TITLE STATEMENT
Title Under the frangipani /
Statement of responsibility, etc Mia Couto ; translated by David Brookshaw.
260 ## - PUBLICATION, DISTRIBUTION, ETC. (IMPRINT)
Place of publication, distribution, etc London :
Name of publisher, distributor, etc Serpent's Tail,
Date of publication, distribution, etc 2001.
300 ## - PHYSICAL DESCRIPTION
Extent viii, 150 p. ;
700 1# - ADDED ENTRY--PERSONAL NAME
Personal name Brookshaw, David.
9 (RLIN) 12282
906 ## - LOCAL DATA ELEMENT F, LDF (RLIN)
a 7
b cbc
c copycat
d 3
e ncip
f 20
g y-gencatlg
942 ## - ADDED ENTRY ELEMENTS (KOHA)
Source of classification or shelving scheme Library of Congress Classification
Koha item type Monograph ( Printed materials)
Holdings
Withdrawn status Lost status Source of classification or shelving scheme Damaged status Not for loan Collection code Home library Current library Shelving location Date acquired Total Checkouts Full call number Barcode Date last seen Price effective from Koha item type
    Library of Congress Classification     Main Collection ARRUPE LIBRARY ARRUPE LIBRARY Main Collection 29/10/2014   PR9408. M87 .C61 U62001 46500003730 29/10/2014 29/10/2014 Monograph ( Printed materials)

 

Arrupe Library. PO Box MP320 Mt Pleasant, Harare, Zimbabwe
263 242 745411|librarian@aju.ac.zw